|
|
|
|
| LEADER |
00000nas a2200000 i 4500 |
| 001 |
ssj0001073579 |
| 003 |
WaSeSS |
| 005 |
20200512172242.0 |
| 006 |
m d |
| 007 |
cr n |
| 008 |
131221c20129999enkf| p|s|||||| |0eng d |
| 022 |
|
|
|a 2045-211X
|l 2045-2101
|
| 035 |
|
|
|a (WaSeSS)ssj0001073579
|
| 040 |
|
|
|a WaSeSS
|b eng
|c WaSeSS
|d WaSeSS
|
| 050 |
1 |
4 |
|a HB615
|
| 222 |
|
0 |
|a Journal of entrepreneurship and public policy
|b (Online)
|
| 245 |
0 |
0 |
|a Journal of entrepreneurship and public policy
|h [electronic resource].
|
| 246 |
1 |
3 |
|a JEPP
|
| 260 |
|
|
|a Bingley, England :
|b Emerald Group Publishing,
|c 2012-
|
| 310 |
|
|
|a Semiannual
|
| 362 |
1 |
|
|a Began with Volume 1, Number 1 (2012).
|
| 506 |
|
|
|a License restrictions may limit access.
|
| 588 |
|
|
|a Description based on: Volume 1, Number 1 (2012); title from article pdf (ProQuest, viewed Dec. 20, 2013).
|
| 588 |
|
|
|a Latest issue consulted: Volume 2, Number 2 (2013) (viewed Dec. 20, 2013).
|
| 650 |
|
0 |
|a Entrepreneurship
|x Government policy
|v Periodicals.
|
| 650 |
|
0 |
|a Entrepreneurship
|v Periodicals.
|
| 650 |
|
0 |
|a Political entrepreneurship
|v Periodicals.
|
| 655 |
|
0 |
|a Electronic journals.
|
| 776 |
0 |
8 |
|i Print version:
|t Journal of entrepreneurship and public policy
|x 2045-2101
|
| 856 |
4 |
0 |
|z Full text available from Research Library: 01/01/2012 to 1 year ago
|u https://search.proquest.com/publication/1396348
|